Online Catalogue and eLibrary

Raaman (Record no. 4906)

MARC details
000 -LEADER
fixed length control field 00386nam a2200157Ia 4500
005 - DATE AND TIME OF LATEST TRANSACTION
control field 20250430043231.0
008 - FIXED-LENGTH DATA ELEMENTS--GENERAL INFORMATION
fixed length control field 240331s9999 xx 000 0 und d
020 ## - INTERNATIONAL STANDARD BOOK NUMBER
ISBN 9552038111
082 ## - DDC Classification
Item Number - Author Mark RAN
Class No. 891
100 ## - MAIN ENTRY--PERSONAL NAME
Personal name Seetha Ranjani
245 #0 - TITLE STATEMENT
Title Raaman
260 ## - PUBLICATION, DISTRIBUTION, ETC.
Place of publication, distribution, etc. Colombo
Name of publisher, distributor, etc. S. Godake & Brothers
Date of publication, distribution, etc. 1993
300 ## - PHYSICAL DESCRIPTION
Extent (e.g. Volumes, Pages etc.) 72 p .,
500 ## - GENERAL NOTE
General note Thamala garila battiyakego kadhawa
942 ## - Koha item type (Biblio)
Koha item type Books in Stacks (Lending)
Holdings
Lost status Damaged status Collection code Home library Current library Shelving location Date acquired Full call number Accession Number Item type
    Lending WERC Library WERC Library Social Science Cupboard 03/31/2024 891.48 RAN 4152 Books in Stacks (Lending)

© WERC Library